Normal view
MARC view
- Earle, Aaron E
Entry Personal Name
001 - CONTROL NUMBER
- control field: 109476
003 - CONTROL NUMBER IDENTIFIER
- control field: NUST
005 - DATE AND TIME OF LATEST TRANSACTION
- control field: 20230222124545.0
008 - FIXED-LENGTH DATA ELEMENTS
- fixed length control field: 230222|| aca||aabn | a|a d
040 ## - CATALOGING SOURCE
- Original cataloging agency: NUST
- Transcribing agency: NUST
100 ## - HEADING--PERSONAL NAME
- Personal name: Earle, Aaron E
670 ## - SOURCE DATA FOUND
- Source citation: Work cat.: (NUST)179793: Earle, Aaron E., Wireless Security Handbook /, 2006.
